Dancing the seas (Dophin diaries) / (Record no. 4590)
[ view plain ]
| 000 -LEADER | |
|---|---|
| fixed length control field | 00996nam a22003017a 4500 |
| 001 - CONTROL NUMBER | |
| control field | 4590 |
| 003 - CONTROL NUMBER IDENTIFIER | |
| control field | FISKH |
| 005 - DATE AND TIME OF LATEST TRANSACTION | |
| control field | 20240917141847.0 |
| 008 - FIXED-LENGTH DATA ELEMENTS--GENERAL INFORMATION | |
| fixed length control field | 240917b cb ||||| |||| 00| 0 eng d |
| 020 ## - INTERNATIONAL STANDARD BOOK NUMBER | |
| International Standard Book Number | 9780439446150 |
| 040 ## - CATALOGING SOURCE | |
| Original cataloging agency | FISKH |
| Language of cataloging | eng |
| Transcribing agency | FISKH |
| Modifying agency | FISKH |
| 050 ## - LIBRARY OF CONGRESS CALL NUMBER | |
| Classification number | PZ7.B14032 |
| 082 ## - DEWEY DECIMAL CLASSIFICATION NUMBER | |
| Edition number | 823.914 |
| 100 ## - MAIN ENTRY--PERSONAL NAME | |
| Personal name | M.Baglio, Ben |
| Dates associated with a name | 1960- |
| 245 ## - TITLE STATEMENT | |
| Title | Dancing the seas (Dophin diaries) / |
| Statement of responsibility, etc. | Ben M.Baglio Illustrations by Judith Lawton |
| 250 ## - EDITION STATEMENT | |
| Edition statement | First printing in 2002 |
| 260 ## - PUBLICATION, DISTRIBUTION, ETC. | |
| Place of publication, distribution, etc. | London : |
| Name of publisher, distributor, etc. | Scholastic, |
| Date of publication, distribution, etc. | 2002. |
| 300 ## - PHYSICAL DESCRIPTION | |
| Extent | 158 pages : |
| Other physical details | illustrations ; |
| Dimensions | 20cm |
| 505 ## - FORMATTED CONTENTS NOTE | |
| Formatted contents note | R<br/> |
| 520 ## - SUMMARY, ETC. | |
| Summary, etc. | In the Marquesas Islands, Jody sees a large group of spotted and spinner dolphins. She meets Lew and Monique and sees the operation of a dolphin friendly tuna boat. |
| 521 8# - TARGET AUDIENCE NOTE | |
| Target audience note | 750L<br/> |
| Source | Lexile<br/> |
| 521 8# - TARGET AUDIENCE NOTE | |
| Target audience note | R<br/> |
| Source | Raz-Plus<br/> |
| 650 ## - SUBJECT ADDED ENTRY--TOPICAL TERM | |
| Source of heading or term | Dolphins |
| Topical term or geographic name entry element | Fiction |
| 650 ## - SUBJECT ADDED ENTRY--TOPICAL TERM | |
| Source of heading or term | Juvenile fiction |
| Topical term or geographic name entry element | Animals |
| 700 ## - ADDED ENTRY--PERSONAL NAME | |
| Personal name | Lawton, Judith |
| Dates associated with a name | Illustrator |
| 942 ## - ADDED ENTRY ELEMENTS (KOHA) | |
| Source of classification or shelving scheme | Dewey Decimal Classification |
| Koha item type | Books |
| Suppress in OPAC | No |
| Withdrawn status | Lost status | Source of classification or shelving scheme | Damaged status | Not for loan | Collection | Home library | Current library | Shelving location | Date acquired | Total Checkouts | Full call number | Barcode | Date last seen | Copy number | Price effective from | Koha item type |
|---|---|---|---|---|---|---|---|---|---|---|---|---|---|---|---|---|
| Dewey Decimal Classification | Juvenile Fiction | Footprints International School Library Network Toul Kork Campus | Footprints International School Library Network Toul Kork Campus | TTP Primary Orange Bookshelves | 09/17/2024 | BAG 823.914 PZ7.B14032 | 2024-1989 | 09/17/2024 | 1 | 09/17/2024 | Books |
